Najważniejsi importujący czołowych gospodarczo państw świata - Statystyki

Ogólne statystyki
  • Ten quiz został rozwiązany 15 420 razy
  • Średni wynik to 16 z 22
Statystyki odpowiedzi
Państwo % Poprawnych
Chiny
97%
Francja
95%
Niemcy
93%
Japonia
92%
Kanada
92%
Meksyk
89%
Australia
88%
Indie
88%
Stany Zjednoczone
86%
Szwecja
86%
Korea Południowa
82%
Włochy
78%
Republika Południowej Afryki
77%
Arabia Saudyjska
70%
Dania
70%
Turcja
68%
Holandia
59%
Belgia
53%
Zjednoczone Emiraty Arabskie
49%
Tajwan
48%
Białoruś
39%
Zambia
16%
Nie znaleziono quizów pasujących do podanych kryteriów
Rozkład punktacji
Procent ludzi z każdym wynikiem
Percentyl według liczby udzielonych odpowiedzi
Twoja historia wyników
Nie rozwiązałeś tego quizu